000 00751cam a2200253 4500
008 090401t1997 xxu||||| |||| 00| 0 eng d
020 _a0632038136
035 _a(Sirsi) u42644
041 _aeng
050 _a692.8094
100 _aMedhurst, David
245 _aEU Public procurement law.
260 _aOxford
_bBlackwell Science
_c1997
300 _avi,218p. ; 25cm.
350 _a35
520 _aA guide for buyers, suppliers and managers which examines the Procurement Directives. Includes a chapter on compulsory competitive tendering.
650 _aEUROPE
650 _aEUROPEAN UNION
650 _aPROCUREMENT DIRECTIVES
650 _aPUBLIC PROCUREMENT
690 _aBUILT ENVIRONMENT
942 _n0
948 _c04/03/1997
999 _c91164
_d91164